00557naa a2200133 a 450000100080000000500110000800800410001910000160006024500580007626000090013452001630014365300130030677301040031911208412014-05-07 2013 bl uuuu u00u1 u #d1 aTORESAN, L. aDesempenho do Setor Florestal.h[electronic resource] c2013 aAn??lise do Desempenho da Produ????o, do consumo e do mercado internacional, nacional e catarinense dos produtos florestais e da ind??stria de base florestal. aFloresta tS??ntese Anual da Agricultura de Santa Catarina 2012 - 2013 , Florian??polis, SC, p. 129-142, 2013.